Normal view
MARC view
- Cotterill Wendy
Entry Personal Name
001 - CONTROL NUMBER
- control field: 204409
003 - CONTROL NUMBER IDENTIFIER
- control field: OSt
005 - DATE AND TIME OF LATEST TRANSACTION
- control field: 20230823143821.0
008 - FIXED-LENGTH DATA ELEMENTS
- fixed length control field: 230823|| aca||aabn | a|a d
040 ## - CATALOGING SOURCE
- Original cataloging agency: OSt
- Transcribing agency: OSt
100 ## - HEADING--PERSONAL NAME
- Personal name: Cotterill Wendy
670 ## - SOURCE DATA FOUND
- Source citation: Work cat.: (OSt)355873: Cotterill Wendy, Spunbonded Textile & Stitch : Lutradur, Evolon & Other Distressables, 2011